| 000 | 00667cam a2200217 4500 | ||
|---|---|---|---|
| 001 | B2502 | ||
| 008 | 090401t1989 xxu||||| |||| 00| 0 eng d | ||
| 035 | _a(Sirsi) u50370 | ||
| 041 | _aeng | ||
| 050 | _a692.9 | ||
| 100 | _aFranks, J. | ||
| 245 | _aSub-contract conditions associated with the JCT Intermediate form of contract : a view for the sub-contractor : 1 | ||
| 260 |
_aAscot,Berks _bChartered Institute of Building _c1989 |
||
| 300 |
_a10p. _c30cm. |
||
| 350 | _a0 | ||
| 490 |
_aTechnical Information Series _v100 |
||
| 650 | _aJCT INTERMEDIATE FORM OF BUILDING CONTRACT (1984 EDITION) | ||
| 650 | _aSUBCONTRACTS | ||
| 942 | _n0 | ||
| 948 | _c04/03/1997 | ||
| 999 |
_c92699 _d92699 |
||